[Event "RUS-Cup02"]
[Site "Moscow"]
[Date "1998.??.??"]
[Round "4"]
[White "Yandemirov, Valeri"]
[Black "Vorobiov, Evgeny E"]
[Result "1-0"]
[WhiteElo "2545"]
[BlackElo "2475"]
[Annotator "Tsesarsky,I"]
[PlyCount "77"]
[EventDate "1998.01.21"]
[EventType "swiss"]
[EventRounds "9"]
[EventCountry "RUS"]
[SourceTitle "CBM 063"]
[Source "ChessBase"]
[SourceDate "1998.03.26"]
[SourceVersion "1"]
[SourceVersionDate "1998.03.26"]
[SourceQuality "1"]

1. e4 c5 2. Nf3 d6 3. d4 cxd4 4. Nxd4 Nf6 5. f3 Nc6 6. c4 Nxd4 7. Qxd4 g6 8.
Nc3 Bg7 9. Be3 O-O 10. Qd2 Qa5 (10... a6 11. Rc1 Bd7 12. b3 Qa5 13. Be2 Rfc8
14. Bd4 Bc6 15. O-O Nd7 16. Be3 $14 (16. Bxg7 Kxg7 17. Kh1 Kg8 18. f4 b5 $132 {
1-0 Suetin,A-Forintos,G/Budapest 1970 (85)})) 11. Be2 (11. a3 Be6 12. b4 Qd8
13. Rc1 Rc8 14. Nb5 a6 15. Nd4 Bd7 16. Be2 Qc7 17. O-O Rfd8 18. Rfe1 $14 {
1/2-1/2 Savon,V-Tal,M/Suhumi 1972 (68)} (18. Rfd1 Ba4 19. Re1 $14)) (11. Nb5
Qxd2+ 12. Kxd2 b6 13. a4 Nd7 14. Ra2 Bb7 15. Be2 Rfc8 16. a5 Bc6 17. axb6 axb6
18. Na7 Bb7 19. Rha1 $14 {1-0 Richardson,K-Estrin,J/corr W-7ch f 1975 (48)})
11... Be6 12. O-O (12. Nd5 Qxd2+ 13. Kxd2 Nxd5 14. cxd5 Bd7 (14... Bd7 {
1/2-1/2 Bellin,R-Parma,B/Teesside 1972}) 15. Rac1 Rfc8 16. Rxc8+ Rxc8 17. Rc1
Rxc1 18. Kxc1 a6 19. Kc2 Kf8 20. Kb3 e6 {1/2-1/2 Averbakh,Y-Georgadze,T/
Polanica Zdrój 1976}) 12... Rfc8 13. Rfc1 Kf8 14. b3 a6 15. Rab1 Rab8 (15...
Qb4 16. Qb2 $1 (16. Nd5 Qxd2 17. Bxd2 Nxd5 18. cxd5 Bd7 $11) 16... Qa5 17. a3
$14) 16. Bf1 Rc6 17. b4 Qd8 18. Nd5 $14 Bxd5 $2 (18... Rbc8 19. a4 Rb8 $14) (
18... Kg8 $14) 19. exd5 $16 Rcc8 20. a4 $5 (20. Re1 b5 21. Rbc1 Kg8 22. Bd4 Qd7
23. Bd3 $14) 20... a5 $5 (20... Kg8 21. a5 $16) 21. bxa5 Nd7 22. Rb5 (22. Ba7
$2 Ra8 23. Rxb7 Rc7 24. Rxc7 Qxc7 25. Bd4 Rxa5 26. Bxg7+ Kxg7 27. Ra1 (27. Re1
Qa7+ $11) 27... Nc5 $11) 22... Nc5 23. Rcb1 Qc7 24. Bxc5 (24. a6 $1 bxa6 (24...
Nxa6 25. Ba7 Nc5 26. Bxb8 Rxb8 27. a5 $16) 25. Rxb8 Rxb8 26. Qa5 $1 Qa7 27.
Rxb8+ Qxb8 28. Bxc5 dxc5 29. Qxc5 h5 30. g3 $16) 24... dxc5 25. d6 $6 (25. g3
Rd8 26. Qe1 $16) 25... exd6 $8 $14 (25... Qxd6 26. Qxd6 exd6 27. a6 $18) 26.
Qd5 Qe7 (26... Re8 27. g3 Bd4+ 28. Kg2 Re5 29. Rxb7 $1 Rxd5 30. Rxc7 Rxb1 31.
cxd5 Ra1 32. Bb5 Ra2+ 33. Kf1 (33. Kh3 h5 34. a6 Bg1 35. g4 Rxh2+ 36. Kg3 h4+
37. Kf4 c4 38. a7 $18) 33... Ra1+ 34. Ke2 Ra2+ 35. Kd3 Ra3+ 36. Kc2 Ra2+ 37.
Kb3 Rb2+ 38. Ka3 $18) 27. a6 $1 (27. Rxb7 Rxb7 28. Rxb7 Bd4+ (28... Qe3+ 29.
Kh1 Bd4 30. Qxf7#) 29. Kh1 Rc7 30. Rxc7 (30. a6 $4 Qe1 $19) 30... Qxc7 31. a6
Qa5 $132) 27... Bd4+ 28. Kh1 Qe3 29. Bd3 (29. Be2 b6 30. a7 Ra8 31. Rxb6 Rxa7
32. Qe4 $11) 29... Qxd3 30. a7 Ra8 31. Rxb7 Qxb1+ $4 (31... Qf5 32. Qxf5 (32.
Rb8 Rxa7 33. Qxf5 gxf5 34. Rxc8+ Kg7 $14) 32... gxf5 33. Rb8 Rxa7 (33... Kg7
34. Rxc8 Rxa7 $14) 34. Rxc8+ Kg7 35. Rd8 Rxa4 36. Rxd6 Rxc4 37. g3 Rc2 38. Rd7
Bb2 $14) 32. Rxb1 $18 Rxa7 33. g3 $2 (33. Rb7 $1 Rxb7 34. Qxb7 Re8 35. g3 Re1+
36. Kg2 Re2+ 37. Kf1 Rxh2 38. a5 Rf2+ 39. Ke1 Rb2 40. a6 $18) 33... Rca8 $16
34. h4 (34. Rb6 Kg7 (34... Rxa4 35. Rb7 $18) 35. Rxd6 Rxa4 36. Rd7 Rf8 37. Kg2
$16) 34... Kg7 35. h5 Rxa4 (35... gxh5 36. Qg5+ Kh8 37. Qxh5 $16) 36. Rb7 Rf8
37. Qxd6 Rxc4 $4 (37... gxh5 $16) 38. h6+ $18 Kg8 39. Rb8 (39. Rb8 Bg7 40. hxg7
Rxb8 41. Qxb8+ Kxg7 42. Qb3 Rd4 43. Qc3 h5 44. Qxc5 Rd7 45. Qe5+ Kf8 46. Kg2
Rd8 47. f4 Kg8 48. f5 $18) 1-0

[Event "EU-chT (Men) 11th"]
[Site "Pula"]
[Date "1997.05.??"]
[Round "3.2"]
[White "Stohl, Igor"]
[Black "Nikolaidis, Ioannis"]
[Result "1-0"]
[WhiteElo "2580"]
[BlackElo "2565"]
[Annotator "Tsesarsky,I"]
[PlyCount "65"]
[EventDate "1997.05.05"]
[EventType "team-swiss"]
[EventRounds "9"]
[EventCountry "CRO"]
[SourceTitle "CBM 057 Extra"]
[Source "ChessBase"]
[SourceDate "1997.05.01"]
[SourceVersion "1"]
[SourceVersionDate "1997.05.01"]
[SourceQuality "1"]
[WhiteTeam "Slovakia"]
[BlackTeam "Greece"]
[WhiteTeamCountry "SVK"]
[BlackTeamCountry "GRE"]

1. Nf3 Nf6 2. c4 c5 3. Nc3 g6 4. d4 cxd4 5. Nxd4 Nc6 6. e4 Nxd4 7. Qxd4 d6 8.
Bg5 (8. f3 $5 Bg7 9. Be3 O-O 10. Qd2 Qa5 11. Rc1 Be6 12. Nd5 $14) 8... Bg7 9.
Qd2 Be6 (9... Qa5 10. Be2 Be6 11. O-O (11. Rc1 Rc8 12. b3 $14) 11... Rc8 12. b3
b5 $1 13. e5 $5 Nd7 (13... dxe5 14. Nxb5 Qxd2 15. Bxd2 $14) 14. Nxb5 Qxd2 15.
Bxd2 a6 16. Nd4 Bxe5 17. Be3 $11 {1-0 Stefanov,K-Stoilov,A/Bankia tt 1992 (34)}
) 10. Bd3 (10. Rc1 Rc8 (10... a6 11. Bd3 (11. f3) 11... h6 12. Bf4 g5 13. Bg3
Nh5 14. Nd5 O-O 15. O-O Bd7 16. Qe3 Bxb2 17. Rb1 Nxg3 18. hxg3 Bg7 19. Rxb7 e6
$15 {Van der Sterren,P-Brendel,O/Munich op9192 1992/1-0 (58)}) (10... Qa5 11.
f3 O-O 12. Be2 Rfc8 13. b3 Rab8 14. Nd5 (14. O-O) 14... Qxd2+ 15. Kxd2 Bxd5 $2
(15... Nxd5 16. exd5 Bd7 $10 {/\ e6} 17. Rhd1 Kf8 $10) 16. cxd5 $14 {Lutz,
C-Schlosser,P/Dresden 1995/1-0 (54)}) 11. b3 Qa5 12. f3 h6 13. Be3 O-O 14. Bd3
Kh7 15. O-O a6 16. h3 Nd7 17. f4 f5 18. exf5 Bxf5 19. Be2 Nc5 20. g4 Be6 21.
Bd4 Ne4 22. Qe3 Bxd4 23. Qxd4 Qc5 24. Qxc5 Nxc5 25. Rf3 $14 {Polugaevsky,
L-Beliavsky,A/URS-ch43 Erevan 1975/1-0 (52)}) 10... Rc8 (10... h6 11. Bf4 g5
12. Be3 Ng4 13. O-O Nxe3 14. Qxe3 Qa5 15. Nd5 Rc8 16. Kh1 Qc5 17. Qe2 Qd4 18.
Rac1 h5 $11 {1/2-1/2 Szymczak,Z-Georgadze,T/Lublin 1976 (36)}) 11. Nd5 Bxd5 (
11... Nxd5 12. exd5 Bd7 13. O-O $14) 12. exd5 b5 (12... Nd7 $5 13. O-O h6 14.
Be3 (14. Bh4 Ne5 15. Rac1 Nxd3 16. Qxd3 Bxb2 17. Rb1 Bg7 18. Rxb7 Rc7 19. Rfb1
(19. Rxc7 Qxc7 20. Re1 g5 21. Bg3 O-O 22. h4 $11) 19... O-O 20. Qe3 g5 21. Bg3
Bf6 $11) 14... Ne5 15. Rac1 (15. Bxa7 $2 b6 16. Qe3 Nd7 $17) 15... Nxd3 16.
Qxd3 Qa5 17. Qb1 O-O (17... Qb4 18. b3 b6 19. Qe4 $14) 18. b4 Qa4 19. Rfe1 Rfe8
$11) 13. cxb5 Rc5 $5 (13... Nxd5 $5 14. O-O (14. Be4 Nb6 15. Bc6+ Nd7 16. O-O
h6 17. Bxe7 Kxe7 (17... Qxe7 18. Rae1 Be5 19. f4 $16) 18. Rae1+ Ne5 19. f4 Kf8
(19... f5 20. fxe5 dxe5 21. Qb4+ Kf6 $132) 20. fxe5 Bxe5 $132) 14... O-O 15.
Rac1 Nf6 16. a4 $14) 14. Be3 Rxd5 (14... Rc7 15. b6 $18) 15. Qc2 O-O (15...
Qa5+ 16. Bd2 Re5+ 17. Kf1 (17. Be2 Rxe2+ 18. Kxe2 Qxb5+ 19. Qd3 (19. Ke1 O-O
$15) 19... Qxb2 $15)) 16. O-O Qb8 17. Be2 (17. a4 Rc8 18. Qb3 e6 19. Rfc1 Rxc1+
20. Rxc1 Ng4 21. Bf4 (21. Be4 Nxe3 22. Qxe3 Rh5 $17 {[%csl Rb2][%cal Gd6d5,
Gg7h6]}) 21... Bd4 22. Rc2 Rc5 23. Bg3 Qb6 24. Rxc5 Qxc5 25. Qc2 Qb4 $15) 17...
Re5 18. Bd4 Rc8 19. Qd3 Rd5 20. Qe3 Rc7 21. Rad1 Ne8 $4 (21... e5 22. Bc3 Qb6
$11 (22... Rxd1 23. Rxd1 Rc5 24. a4 Nd5 $11)) 22. Bxa7 $1 $18 Rxa7 23. Rxd5 e6
24. b6 $1 (24. Rd2 Rxa2 25. b4 Rxd2 26. Qxd2 d5 27. Rc1 $16) 24... Rxa2 25. Rb5
d5 26. b7 Nd6 27. Qg3 $1 e5 (27... Bxb2 28. Qxd6 $18) 28. Rb6 Ra7 (28... Nxb7
29. Qb3 Ra7 30. Ba6 $18) 29. Ba6 Nxb7 30. Qb3 Rxa6 31. Rxa6 Qc7 32. Qxd5 Nd8
33. Ra8 1-0

[Event "EU-chT (Men) 11th"]
[Site "Pula"]
[Date "1997.05.??"]
[Round "4.1"]
[White "Hracek, Zbynek"]
[Black "Yrjola, Jouni"]
[Result "1-0"]
[WhiteElo "2630"]
[BlackElo "2435"]
[Annotator "Tsesarsky,I"]
[PlyCount "125"]
[EventDate "1997.05.05"]
[EventType "team-swiss"]
[EventRounds "9"]
[EventCountry "CRO"]
[SourceTitle "CBM 057 Extra"]
[Source "ChessBase"]
[SourceDate "1997.05.01"]
[SourceVersion "1"]
[SourceVersionDate "1997.05.01"]
[SourceQuality "1"]
[WhiteTeam "Czech Republic"]
[BlackTeam "Finland"]
[WhiteTeamCountry "CZE"]
[BlackTeamCountry "FIN"]

1. e4 {Hecht} c5 2. Nf3 Nc6 3. d4 cxd4 4. Nxd4 g6 5. c4 Nf6 6. Nc3 d6 7. Be2
Nxd4 8. Qxd4 Bg7 9. Be3 O-O 10. Qd2 Be6 11. Rc1 Qa5 12. f3 Rfc8 13. b3 a6 14.
a4 Nd7 (14... Qb4 15. Nd5 Nxd5 16. exd5 Qxd2+ 17. Kxd2 Bd7 18. a5 $1 $14 {
Ree O.-Tal M., 1989}) 15. Nd5 (15. O-O b5 16. axb5 axb5 17. Nd5 Qxd2 18. Bxd2
Bxd5 19. cxd5 Rxc1 20. Rxc1 Nc5 21. Bxb5 Nxb3 22. Rd1 Bd4+ 23. Kf1 Ra2 24. Be1
Be5 25. Bc4 Rb2 26. Bxb3 Rxb3 27. h3 $11 {- Schlosser M.-Stanisic L., Wien op
1990}) 15... Qxd2+ 16. Kxd2 Bxd5 17. exd5 (17. cxd5 Bb2 18. Rxc8+ Rxc8 19. Rb1
$11 {- Gabor-Schrancz, corr. 1969}) 17... Nc5 (17... a5 18. Kc2 Re8 19. Rhe1 e6
{1/2-1/2 Dochev,D-Delchev,A/Sofia ch-BG 1994}) 18. Rb1 e6 (18... a5 19. Rhe1 (
19. g4 e6 20. dxe6 fxe6 21. h4 Ra6 22. h5 Rb6 23. Kc2 d5 24. hxg6 hxg6 25. Bxc5
Rxc5 26. Bd3 Kf7 27. Kd2 Rd6 28. Ke2 b6 $11 {1/2-1/2 Reeh,O-Blass,G/FRG BL
1987 (45)}) (19. f4 Re8 20. Bf3 Rad8 21. Rhe1 b6 22. Kc2 $14 {1/2-1/2 Reeh,
O-Polak,T/Bern op 1993 (32)}) 19... Rc7 20. Bd3 b6 21. f4 Rd7 22. h4 h5 23.
Bxc5 $6 $11 (23. g3 $14) (23. f5 $14) 23... bxc5 24. f5 Bh6+ 25. Kc2 g5 26.
hxg5 Bxg5 {1/2-1/2 Hracek,Z-Khalifman,A/BL 1995}) (18... Re8 {[#]} 19. Bxc5 $5
(19. a5 $5 {P b4, hc1[]}) 19... dxc5 20. b4 e6 21. d6 Rad8 22. bxc5 Bd4 23.
Rxb7 {Cimmino 1/2-1/2 Zanetti,A-Stigar.P/corr Alg-jub 1992}) 19. dxe6 $14 Nxe6
(19... fxe6 20. a5 $14 {BB}) 20. Rhd1 Be5 (20... f5 21. f4 Re8 22. Bf3 Re7 23.
Kc2 Nc5 24. Bf2 $14) 21. g3 Bd4 (21... g5 22. Bd3 h6 23. Bf5 $14) 22. Bh6 $6 (
22. Re1 Bxe3+ (22... d5 $5 23. Bxd4 Nxd4 24. Kd3 (24. cxd5 Rd8) 24... Nxe2 25.
Rxe2 dxc4+ 26. bxc4 Rc7 $11) 23. Kxe3 $14) (22. Bd3 $14) 22... Re8 (22... b6
$11) 23. Bf1 (23. f4 Nc5 $11) 23... Rad8 (23... f5 24. a5 Bg1 (24... f4 25.
gxf4 Ng7 26. Bd3 Be3+ 27. Kc3 Ne6 28. Be4 Nxf4 29. Rxd6 Ne2+ 30. Kd3 Bxh6 31.
Kxe2 $16) 25. h3 Bf2 26. g4 Nd4 27. Bg2 Re2+ 28. Kd3 Rae8 29. Rd2 Rxd2+ 30.
Bxd2 Nc6 31. f4 $16) 24. b4 Bf6 (24... b6 25. Bd3 d5 $140 $11) 25. Be3 Nd4 26.
Bg2 Rc8 (26... d5 27. c5 Nf5 28. Bf2 d4 29. f4 Re7 30. Kd3 (30. g4 Ne3 31. Bxe3
dxe3+ (31... Rde8 32. Bxd4 Bxd4 33. Kd3 Be3 34. f5 $14) 32. Ke2 Rxd1 33. Rxd1
Bc3 (33... g5 34. fxg5 Bxg5)) 30... Ne3 31. Bxe3 $11 (31. Rg1 Ng4 $17)) 27. Kd3
Nf5 28. Bd2 b5 $5 (28... h5 29. a5 $14 (29. Bh3 d5 (29... Rc7 30. Bxf5 gxf5 31.
Re1 Rec8 32. Rbc1 $16) 30. c5 d4 31. Bxf5 gxf5 32. Re1 $16)) (28... b6 $5 29.
f4 (29. Bh3 d5 $1 30. cxd5 Re5 $11) 29... Rc7 $14) 29. cxb5 axb5 30. axb5 $14
Ra8 (30... Ne3 $5 31. Rg1 (31. Bxe3 $2 Rc3+ 32. Ke2 (32. Kd2 Rcxe3 $11) 32...
Rcxe3+ 33. Kf2 Re2+ 34. Kf1 Ra2 (34... Bc3 35. b6) 35. Re1 Rb8 36. Rbd1 Rxb5
37. Rxd6 Kg7 38. Re2 $11) (31. Rdc1 $1 Rxc1 (31... Nxg2 32. Rxc8 Rxc8 33. Rg1
Nh4 34. gxh4 Bxh4 35. Be3 Rb8 36. Kc4 $16) 32. Rxc1 Nxg2 33. Rg1 Rb8 (33... Nh4
34. gxh4 Bxh4 35. Be3 $16) 34. Rxg2 Rxb5 $16) 31... Nc4 (31... Nxg2 32. Rxg2
$16) 32. Bf4 g5 33. Bh3 Rc7 34. b6 Nxb6 35. Rgc1 Rxc1 36. Bxc1 $14) 31. Bc1
Rec8 (31... Reb8 32. f4 Ra2 $14) 32. f4 (32. Bb2 Bxb2 33. Rxb2 $14) 32... Ra2
$2 (32... Rc3+ 33. Ke2 Rb8 34. Bd2 $14) 33. Rd2 Rc3+ (33... Rxd2+ 34. Bxd2 Rb8
35. Bc6 Nd4 (35... Ne7 36. Rb3 (36. Rc1 Kf8 37. Bc3 Bxc3 38. Rxc3 $16) (36. Bc3
Bxc3 37. Kxc3 Kf8 $16 (37... Rc8 38. Kd4 Nxc6+ 39. bxc6 Rxc6 40. b5 Rb6 41. Kc4
Kf8 42. Ra1 Ke7 43. Ra6 Rb7 44. b6 Ke6 45. Kb5 $18)) 36... Kf8 37. Ra3 $18) 36.
Bc3 $18) 34. Ke2 Nd4+ (34... Rxd2+ 35. Bxd2 Nd4+ 36. Kd1 Nxb5 37. Bf1 $18) 35.
Kd1 $16 Rxc1+ 36. Kxc1 Ne2+ 37. Rxe2 Rxe2 {[#] Hecht wegen des weißen
b-Freibauern alsbald passive schwarze Figuren; Angriff gegen die schwarzen
K-Flügel-Bauern} 38. Bf3 Re1+ (38... Rf2 39. Rb3 $18) (38... Rxh2 39. b6 Bd4
40. b7 $18) 39. Bd1 Bd8 40. Ra1 Kf8 41. Ra8 Ke7 42. Ra7+ Ke8 43. Kd2 Re7 44.
Ra6 Rb7 $2 (44... Re4 $142 45. Bf3 Rxb4 46. Kc3 Rb1 47. Rxd6 Ke7 (47... Rxb5
48. Bc6+ Ke7 49. Rd7+ $18) 48. Rd5 $16) 45. Kd3 $18 Ke7 46. Kc4 Bb6 47. Bf3 Rb8
48. Bc6 d5+ (48... Kd8 49. Kd5 Ke7 50. Ra2 Bc7 51. Re2+ Kf6 52. Bd7 Rb6 53. Re8
$18) 49. Bxd5 Bg1 50. Ra2 Rc8+ 51. Bc6 Rd8 52. Rg2 Bb6 53. Re2+ Kd6 54. g4 h6
55. h4 Bg1 56. Kb3 Bb6 57. Be8 Kc7 58. Rc2+ Kb7 59. Bxf7 Rf8 60. Bd5+ Kb8 61.
Rc6 Bf2 62. Rxg6 Rxf4 63. b6 1-0

[Event "Linares Anibal op 08th"]
[Site "Linares"]
[Date "2001.01.12"]
[Round "5"]
[White "Akopian, Vladimir Eduardovic"]
[Black "Maharramzade, Javad"]
[Result "1-0"]
[WhiteElo "2656"]
[BlackElo "2459"]
[Annotator "Tsesarsky,I"]
[PlyCount "91"]
[EventDate "2001.01.08"]
[EventType "swiss"]
[EventRounds "11"]
[EventCountry "ESP"]
[SourceTitle "CBM 081"]
[Source "ChessBase"]
[SourceDate "2001.03.20"]
[SourceVersion "1"]
[SourceVersionDate "2001.03.20"]
[SourceQuality "1"]

1. Nf3 c5 2. c4 g6 3. e4 Nc6 4. d4 cxd4 5. Nxd4 Nf6 6. Nc3 d6 7. Be2 Nxd4 8.
Qxd4 Bg7 9. Be3 O-O 10. Qd2 Be6 11. Rc1 Qa5 12. f3 Rfc8 13. b3 a6 14. Na4 Qxd2+
15. Kxd2 Nd7 16. g4 {Here Black has very many possibilities, but the best plan
is connected with Rc8-c6.} Rcb8 $6 $14 {In my opinion, this plan is bad.} ({
Interesting is} 16... f5 17. exf5 gxf5 18. g5 d5 19. f4 (19. cxd5 Bxd5 {
1/2-1/2 Luther,T-Van der Weide,K/Wijk aan Zee NED 2001/The Week in Chess 325 
(19)}) 19... dxc4 20. bxc4 Rd8 21. Ke1 Rab8 $1 (21... b5 22. cxb5 axb5 23. Bxb5
$14 {1-0 Suba,M-Gdanski,J/Budapest 1993/CBM 34 (45)}) 22. Nb6 Nxb6 23. Bxb6 $11
{0-1 Garcia Martinez,S-Tiviakov,S/Ubeda 1999/CBM 68 ext (37)}) (16... Kf8 17.
h3 (17. h4 Rc6 18. h5 Rac8 $132) 17... Rc6 $1 {-right plan!} 18. f4 Nc5 19.
Nxc5 dxc5 20. Rhd1 Rd8+ 21. Ke1 Rxd1+ 22. Rxd1 Ke8 23. Bf3 Bc3+ 24. Kf1 Rc7 25.
f5 Bc8 26. Bf4 Rd7 27. Rxd7 Bxd7 28. Ke2 {1/2-1/2 Liss,E-Alterman,B/Rishon Le
Ziyyon 1995/CBM 46 (28)}) (16... Rab8 17. h4 (17. Nc3 Ne5 18. Nd5 Kf8 19. h4 b5
$132 {1-0 Postl,A-Eibersberger,M/AUT 1996/EXT 98 (41)}) 17... Rc6 $1 $132 {
-noted right plan} (17... b5 18. cxb5 Rxc1 19. Rxc1 axb5 20. Nc3 b4 21. Na4 $14
) (17... b6 18. Nc3 Nc5 19. h5 a5 20. Rc2 $14 {1-0 Arbakov,V-Mandl,R/Bayern
1996/EXT 99 (52)})) (16... Rf8 $6 {[%cal Gf7f5]} 17. h4 f5 18. exf5 gxf5 19. g5
f4 20. Bf2 Rf5 21. Nc3 Bxc3+ 22. Kxc3 b5 23. Bd3 $16 (23. cxb5 axb5 24. Kb2 b4
25. Rc7 $14 {1-0 Van den Doel,E-Schmenger,F/Porz GER 2000/The Week in Chess
310 (59)})) 17. Nc3 b5 $2 $16 {Another continuations also don't promise good
future for Black, but better than the last move in the game:} (17... Rc8 $142 {
Black recognized his mistake...} 18. h4 Kf8 19. h5 b5 (19... Rc6 $5 $14) 20.
Nd5 bxc4 21. Bxc4 Ne5 22. Be2 $14 {[%csl Ra6] () 1-0 Kalod,R-Sriram,J/Medellin
1996/Juniors (54)}) (17... Bxc3+ $5 18. Rxc3 b5 19. cxb5 axb5 20. Rc2 $14 {
1-0 Ribshtein,N-Bar,A/Petah Tiqwa 1997/CBM 58 ext (28)}) (17... Kf8 18. g5 f5
19. gxf6 Nxf6 20. Nd5 Nxd5 21. cxd5 Bd7 22. Rc7 Ke8 23. Rhc1 $14 {1-0 Tukmakov,
V-Vogt,L/Lenk 1999/EXT 2000 (53)}) 18. Nd5 bxc4 $2 $18 ({Much better is} 18...
Bxd5 19. cxd5 {^^ and now} Rc8 (19... b4 $6 20. Rc7 Rd8 21. Rhc1 Bc3+ 22. Kd1
Kf8 23. a4 Ke8 24. Ba7 Nc5 25. Bxc5 dxc5 26. Rxc5 $18 {1-0 Matlak,M-Krzywicki,
D/Polanica Zdroj 1995/EXT 97 (41)}) 20. Rc6 $1 (20. f4 Nc5 21. e5 Nb7 $14)
20... Ne5 21. Rxc8+ (21. Rb6 Nd7 22. Rb7 Bc3+ 23. Kd1 Nc5 $1 $11) 21... Rxc8
22. Rc1 Rxc1 23. Kxc1 Kf8 24. a4 $16) 19. Bxc4 {[%csl Rc7,Re7][%cal Gd5c7,
Gd5e7]} Kf8 (19... Bxd5 20. Bxd5 $18 {[%csl Ra8]}) 20. Nc7 $1 {[%csl Ra8]} Bxc4
21. Rxc4 Ne5 22. Ra4 Nxf3+ 23. Ke2 Ne5 24. Rc1 (24. Nxa8 Rxa8 25. Rc1 $18 Nxg4
$140 26. Rxa6 $1) 24... Nxg4 25. Nxa8 Nxe3 26. Nb6 (26. Rxa6 $18) (26. Nc7 $18)
26... Ke8 27. Rxa6 f5 (27... Bd4 28. Nd5 Nxd5 29. exd5 Bc5 30. Rc3 $16 {
preparing queenside PP promotion.}) 28. Ra8 $5 (28. Rc8+ Rxc8 29. Nxc8 f4 30.
Ra7 Bf6 31. a4 $18) 28... Rxa8 29. Nxa8 Ng2 30. exf5 gxf5 31. b4 Nf4+ 32. Kf1
Nd3 33. Rc8+ Kd7 34. Rc7+ Kd8 35. b5 d5 36. b6 Be5 37. Rc2 ({Wins also} 37. Rc6
Nb4 38. Rh6 Nxa2 39. b7 Nb4 40. Rb6 $18) 37... Nb4 38. Rc5 e6 39. b7 Kd7 40.
Nb6+ Ke7 41. Rc8 Bxh2 42. a4 Na6 43. a5 Bb8 44. Na4 Kd6 45. Nc5 Nxc5 46. Rxb8
1-0

[Event "RUS-ch51"]
[Site "St Petersburg"]
[Date "1998.07.30"]
[Round "3"]
[White "Zvjaginsev, Vadim"]
[Black "Solozhenkin, Evgeniy"]
[Result "1/2-1/2"]
[WhiteElo "2650"]
[BlackElo "2535"]
[Annotator "Tsesarsky,I"]
[PlyCount "73"]
[EventDate "1998.07.28"]
[EventType "swiss"]
[EventRounds "11"]
[EventCountry "RUS"]
[SourceTitle "CBM 067"]
[Source "ChessBase"]
[SourceDate "1998.11.30"]
[SourceVersion "2"]
[SourceVersionDate "1998.11.01"]
[SourceQuality "1"]

{[%mdl 4356]} 1. Nf3 Nf6 2. c4 c5 3. Nc3 g6 4. e4 d6 5. d4 cxd4 6. Nxd4 Nc6 7.
f3 Nxd4 8. Qxd4 Bg7 9. Be3 O-O 10. Qd2 Be6 11. Rc1 Qa5 12. Nd5 Qxa2 13. Nxe7+
Kh8 14. Be2 Ng8 (14... Nd7 15. Bd4 Rfe8 16. O-O Qb3 (16... Rxe7 17. Ra1 Qb3 18.
Ra3 $18) 17. Bd1 (17. Nd5) 17... Qa2 18. Qc3 Bxd4+ 19. Qxd4+ f6 20. Nd5 (20.
Qxd6 Qxb2 21. Qxe6 Qxc1 22. Qxd7 Rad8 23. Qe6 Rf8 (23... Rxd1 24. Qxf6#) 24.
Nd5 Qxc4 25. Qe7 $16) 20... Bxd5 21. cxd5 Rec8 22. Ba4 Ne5 23. f4 Rc4 24. Rxc4
Qxc4 25. Rd1 b5 26. Qxc4 Nxc4 27. Bxb5 Nxb2 28. Ra1 $16 (28. Rb1 Rb8 29. Rxb2
a6 $14 {1/2-1/2 Andersson,U-Reshevsky,S/Palma de Mallorca 1971/Inf 12 (41)})) (
14... Rfe8 15. Nd5 Bxd5 (15... Nxd5 16. cxd5 Bd7 17. O-O Rec8 18. Bd4 Qb3 19.
Bd1 Qb5 20. Be2 Qa4 (20... Qb3 $5) 21. b4 Qb3 22. Bd1 Qa3 23. Ra1 $16 {(...50.)
. 1/2-1/2 Thormann,W-Blaess,G/BL2-N 1981/BIG 80 (45)}) 16. cxd5 Rac8 17. O-O a6
18. Ra1 Qb3 19. Bd3 Nd7 20. Rfb1 $18 {1-0 Jansa,V-Gasic,B/Sarajevo 1972 (33)})
15. Nd5 (15. Nxg8 Kxg8 16. Bd4 Bxd4 17. Qxd4 Qa5+ 18. Kf2 Qe5 19. Rcd1 Rfc8 (
19... Rfd8 20. Rd2 Qxd4+ 21. Rxd4 $14 {1-0 Ribli,Z-Ghitescu,T/Kecskemet 1972/
Inf 13 (54)}) 20. b3 (20. g3 Rc6 21. f4 Qxd4+ 22. Rxd4 $14 {1/2-1/2 Timman,
J-Ree,H/Amsterdam IBM 1972 (42)}) 20... a5 (20... Rc6 21. Qe3 (21. Rd2 Rb6 22.
Qe3 $14 {0-1 Pytel,K-Bednarski,J/Polanica Zdrój 1972 (42)}) 21... a5 (21... Rb6
22. Rd3 h5 23. f4 Qc5 24. h3 Qxe3+ 25. Rxe3 $14 {1-0 Andersson,U-Ree,H/
Teesside 1972 (34)}) 22. Rd4 a4 $11 {Andonovski,L-Baumbach,F/corr 1984/Inf 40 
(22)}) 21. Qxd6 Qxd6 22. Rxd6 a4 23. bxa4 Rxa4 24. Rb1 Ra2 25. Ke3 Bxc4 26.
Bxc4 Rxc4 27. Rxb7 (27. Rd8+ $4 $11 Kg7 28. Rxb7 Rxg2 {1/2-1/2 Andersson,U-Hug,
W/Las Palmas 1973 (50)}) 27... Rxg2 28. Rf6 $18) 15... Bxd5 (15... Qxb2 16.
Qxb2 Bxb2 17. Rb1 Bxd5 (17... Bg7 18. Nc7 Rac8 19. Rxb7 Rb8 20. Rxb8 Rxb8 21.
Nxe6 fxe6 22. Bxa7 Rb1+ 23. Bd1 Ne7 (23... Rb2 24. O-O $16) 24. O-O $14 {
1/2-1/2 Schmidt,W-Andersson,U/Warszawa 1973/Inf 15 (43)}) 18. Rxb2 Bc6 19. Bf4
Rfd8 20. Rd2 Nf6 21. Bxd6 Ne8 22. Bc5 Rxd2 23. Kxd2 Kg7 24. Ra1 $14 {1/2-1/2
Soltau,A-Hurst,P/corr 1981 (37)}) 16. cxd5 Qxb2 (16... Rfc8 17. O-O Qa4 (17...
a5 18. Bd4 Qa4 19. Bc3 Bxc3 20. bxc3 Qa3 21. c4 Qc5+ 22. Kh1 a4 $132 {1/2-1/2
Schmidt,W-Hug,W/EU-chT Bath 1973/EU-chT (42)}) 18. b4 a6 19. Bd4 Qd7 20. Qb2
$14 {Ghitescu,T-Bednarski,J/Wijk aan Zee II 1973/Inf 16 (20)}) 17. Qxb2 Bxb2
18. Rb1 $6 (18. Rc7 $1 f5 (18... b6 19. Kd2 f5 20. Rb1 Bg7 21. Bb5 fxe4 22.
fxe4 Bh6 23. Bc6 Rab8 24. Rxa7 Rf2+ 25. Kd3 Bxe3 26. Kxe3 Rxg2 27. Rd7 Rxh2 28.
Rxd6 $14) 19. Rxb7 Bc3+ 20. Bd2 Bxd2+ 21. Kxd2 fxe4 22. fxe4 Nf6 23. Bf3 a5 24.
Ra1 a4 25. Ra3 $14) 18... Be5 $1 $11 (18... Bc3+ $6 19. Kf2 b6 20. Rhc1 Bg7 (
20... Be5 21. Rc7 f5 22. exf5 Rxf5 23. g4 Rff8 24. g5 Rfc8 (24... Rae8 25. Rxa7
Re7 26. Ra4 $1 $16 {1-0 Tsesarsky,I-Zilberman,Y/Ramat-Gan 1991/[Tsesarsky] (50)
}) 25. Rbc1 Rxc7 26. Rxc7 $14) 21. Ba6 f5 22. exf5 Rxf5 23. Bc8 Rf7 24. Be6 Rb7
25. Bf4 Bf8 26. Rc6 $14 {1-0 Bosch Jeroen-Van Der Weide Karel/Ch Netherlands 
(team) Netherlands 1996 (50)}) 19. Rxb7 a5 20. Kd2 (20. f4 Rab8 21. Rxb8 Bc3+
22. Kf2 Rxb8 23. Rc1 Nf6 24. Rxc3 Nxe4+ 25. Ke1 Nxc3 26. Bd4+ Kg8 27. Bxc3 a4
28. Kd2 a3 29. Bc4 f5 $11) 20... a4 21. Kd3 (21. f4 Bg7 22. Bc4 a3 23. Ba2 Nf6
24. Kd3 Ra4 (24... Rfe8 25. Rxf7 Rxe4 26. Rb1 Rae8 27. Bd2 Nxd5 28. Rxg7 (28.
Bxd5 Rd4+ 29. Kc2 Rxd5 $19) 28... Nxf4+ 29. Bxf4 Kxg7 30. Bg5 $16) 25. Re7 (25.
e5 dxe5 26. fxe5 Ng4 27. Re1 Bxe5 28. Bg1 Bxh2 29. Bd4+ Kg8 $17) 25... Ng4 26.
Rc1 Bf6 27. Rd7 Nxe3 28. Kxe3 Re8 29. Rc4 Rxc4 30. Bxc4 Rc8 31. Rxd6 Rxc4 32.
Rxf6 Ra4 33. d6 a2 34. d7 a1=Q 35. d8=Q+ Kg7 36. Rxf7+ Kxf7 37. Qd7+ $11) 21...
a3 22. Bd4 (22. f4 Bb2 23. Bd4+ (23. e5 dxe5 24. Rd1 exf4 $19) 23... Bxd4 24.
Kxd4 Ra4+ 25. Kd3 Nf6 26. Bf3 Re8 27. Ra1 Nxe4 28. Bxe4 Raxe4 29. Ra7 (29. Rxf7
Re3+ 30. Kc2 Re2+ 31. Kd3 $11) 29... Re3+ 30. Kc4 R8e4+ 31. Kb5 Rxf4 32. Kc6
$11) 22... Bxd4 23. Kxd4 f5 (23... Rfb8 24. Rxb8 Rxb8 25. Ra1 Ra8 $11) 24. Rb6
(24. exf5 Rxf5 25. Bc4 Nf6 26. Ra1 Ra5 27. Re1 (27. Ra2 Nxd5 28. Rb3 $11) 27...
Ra4 28. Kc3 $11) 24... fxe4 25. fxe4 (25. Rxd6 a2 26. Ra1 exf3 27. Bxf3 Kg7 $11
) 25... Nf6 26. Rxd6 Ra4+ 27. Bc4 (27. Ke3 Rxe4+ 28. Kd3 Ra4 29. Ra1 $11) 27...
Nxe4 28. Ra6 Rxa6 29. Bxa6 Ra8 (29... Nd2 30. Kc3 Rf2 31. Bd3 Kg7 32. Ra1 Rxg2
$132) 30. Bb5 Nd2 31. Kc3 a2 32. Ra1 Nb1+ 33. Kb4 Kg7 34. d6 Kf6 35. Bc4 Rb8+
36. Bb5 (36. Kc5 Rc8+ 37. Kd4 Rd8 $11) 36... Ra8 37. Bc4 1/2-1/2